000 01582nam a2200217Ia 4500
003 Ost
005 20260507074906.0
008 260507s9999||||xx |||||||||||||| ||und||
040 _cfsecg
041 _aara
082 _a658.8
100 _aجي، أبي سعيد الديوه
_eمؤلف
245 0 _aالمفهوم الحديث لإدارة التسويق /
_c أبي سعيد الديوه جي
260 _aعمان:
_bدار الحامد للنشر,
_c2000
300 _a502 صفحة؛
_bإيضاحات ؛
_c24 سم
504 _aببليوغرافيا ص.499؛ كشاف مصطلحات ص.490
520 _aالمدخل لدراسة التسويق، مفهوم المزيج التسويقي وعناصره، سلوك المستهلك وقرارات الشراء، تقسيم السوق والتنبؤ بالمبيعات، بحوث التسويق ونظم المعلومات التسويقية، المنتج، التعبئة والتغليف، التوزيع والقنوات التوزيعية، تجارة الجملة، تجار المفرد، التوزيع المادي، الترويج، الإعلان، تنشيط المبيعات، البيع الشخصي، التسعير، تسويق الخدمات، التسويق الدولي، استراتيجية التسويق والرقابة عليها، التسويق في المنظمات غي الربحية، الإعتبارات الأخلاقية والإجتماعية للتسويق، التسويق المباشر
653 _aادارة المبيعات
653 _aالتسويق
942 _cكتاب
999 _c41695
_d41695